000 00350nam a2200145Ia 4500
008 240624s9999 xx 000 0 und d
041 _aeng
082 _a330 TAY
100 _aTAYLOR JOHN B
245 _aECONOMICS
250 _a(6th ed.)
260 _c2010
_aAustralia
_bCengage Learning
300 _axliii, : 833 : p. : cm. ; 25
365 _c
_b25
999 _c16721
_d16721